000 00666nam a2200265Ia 4500
005 20260302115403.0
008 008 260114s9999 xx 000 0 eng d
020 _a9781350363168
037 _aTextbook
040 _aCRL
040 _beng
040 _cCRL
041 _2eng
041 _aeng
084 _qCRL
100 _aCharles Barber
_91121475
245 0 _aShakespeare: Richard II
260 _bBloomsbury
260 _bBloomsbury Academic
260 _c1987
650 _aLiterary Studies
856 _uhttps://doi.org/10.5040/9781350363168?locatt=label:secondary_bloomsburyCollections
942 _cEBOOK
999 _c1686031
_d1686031